00293nam a2200121Ia 4500008004100000041000800041082001200049100001800061245001900079260003500098300003100133365000700164240624s9999 xx 000 0 und d aeng a658 MIL aMILGRAM LYNNE aMANAGING SMART c2004aNew DelhibPrentice-Hall axix, : 412 : p. : cm. ; 24 cRS